Normal view
MARC view
- Lucas, Daxim L.
Entry Personal Name
001 - CONTROL NUMBER
- control field: 46721
003 - CONTROL NUMBER IDENTIFIER
- control field: OSt
005 - DATE AND TIME OF LATEST TRANSACTION
- control field: 20221108151920.0
008 - FIXED-LENGTH DATA ELEMENTS
- fixed length control field: 221108|| aca||aabn | a|a d
040 ## - CATALOGING SOURCE
- Original cataloging agency: OSt
- Transcribing agency: OSt
100 ## - HEADING--PERSONAL NAME
- Personal name: Lucas, Daxim L.
670 ## - SOURCE DATA FOUND
- Source citation: Work cat.: (OSt): Lucas, Daxim L., PH ends 2019 with all-time high forex reserves of $87.8 B /, January 8, 2020.
